000 01307cam a2200313 i 4500
001 28237
003 Mx-PuUPA
005 20260302140832.0
008 140415s2019 mx a gr 000 0 spa d
020 _a9786071735980
040 _aMx-PuUPA
_bspa
_cMx-PuUPA
_dMx-PuUPA
_erda
041 0 _aspa
100 1 _aToussaint Alcaraz, Florence,
_eautor
_914902
245 1 0 _aCrítica de la información de masas /
_cFlorence Toussaint
250 _aQuinta edición /
_bmayo
264 1 _aCiudad de México :
_bEditorial Trillas ;
_c©2019
300 _a93 Páginas :
_bilustraciones, diagramas ;
_c23 cm
336 _2rdaconten
_atexto
_btxt
336 _2rdacontent
_aimagen fija
_bsti
337 _asin medio
_2rdamedia
_bn
338 _avolumen
_2rdacarrier
_bnc
500 _a"Comprensión de enunciados teóricos ; Corrientes teóricas ; Análisis semiológico de una imagen". -- Cubierta
650 7 _2armarc
_aComunicación
650 7 _2armarc
_aTeoría de la información
775 _aToussaint Alcaraz, Florence,
_bCuarta edición
_dMéxico, D. F. : Editorial Trillas, ©2008
_h120 páginas : ilustraciones, diagramas ; 23 cm
_tCrítica de la información de masas
_w(Mx-PuUPA) 41831
_z9789682482236
942 _2ddc
_cLI
_h302.23
_iT72
999 _c28237
_d28237